Engineering Mechanics 2004 : Book of Extended Abstracts
Uložené v:
| Korporativný autor: | |
|---|---|
| Médium: | Konferenčný príspevok.. Kniha |
| Jazyk: | English |
| Vydavateľské údaje: |
Praha :
Institute of Thermomechanics Academy of Sciences of the Czech Republic,
2004
|
| Predmet: | |
| Tagy: |
Žiadne tagy, Buďte prvý, kto otaguje tento záznam!
|
MARC
| LEADER | 00000nam a22000003a 4500 | ||
|---|---|---|---|
| 001 | stu87088 | ||
| 005 | 20150408175252.1 | ||
| 008 | 040519s2004----xr------------------eng-d | ||
| 020 | |a 80-85918-88-9 | ||
| 040 | |a STU |b slo | ||
| 041 | 0 | |a eng | |
| 044 | |a xr | ||
| 080 | |a 531/534 |7 stu_us_auth*stu7969 | ||
| 080 | |a (063) | ||
| 111 | 2 | |a National Conference with International Participation |d (May 10-13, 2004 : |c Svratka, Czech Republic) | |
| 245 | |a Engineering Mechanics 2004 : |b Book of Extended Abstracts | ||
| 260 | |a Praha : |b Institute of Thermomechanics Academy of Sciences of the Czech Republic, |c 2004 | ||
| 300 | |a 349 s | ||
| 650 | 7 | |a mechanika |2 stusub | |
| 996 | |b 284M057522 |c M*Z-2413 |l MMKN |s A |a 24 |w stu87088_0001 | ||
| 996 | |b 284M057524 |c M*Z-2415 |l MMKN |s A |a 24 |w stu87088_0002 | ||
| 996 | |b 284M057523 |c M*Z-2414 |l MMKN |s A |a 24 |w stu87088_0003 | ||